Science Quiz

Random Science or Blitz Quiz

Trivia Grid Blitz - Numbers II Quiz Stats

 Plays Quiz Updated Jun 17, 2018

Challenge
Share
Tweet
Score 0/12 Timer 01:30
1 Play Today
% Correct
???
96.8%
???
92.9%
???
52.7%
???
48.3%
???
41%
???
40.9%
???
32.3%
???
31.7%
???
30.5%
???
27.1%
???
26%
???
22.6%

You're not logged in!

Compare scores with friends on all Sporcle quizzes.
Join for Free
OR
Log In

You Might Also Like...

Show Comments

Extras

ReportIcon Source: letters_and_numbers_mats....
Tags:Blitz Quiz, Math Quiz, Minefield Quiz, Numbers Quiz, Puzzle Quiz, grid, Quick Math

Top Quizzes Today


Score Distribution

Your Account Isn't Verified!

In order to create a playlist on Sporcle, you need to verify the email address you used during registration. Go to your Sporcle Settings to finish the process.

Report this User

Report this user for behavior that violates our Community Guidelines.

Details: